| 000 | 00463nam a22001697a 4500 | ||
|---|---|---|---|
| 003 | CEME | ||
| 005 | 20210628203511.0 | ||
| 008 | 210420b xxu||||| |||| 00| 0 eng d | ||
| 040 | _c. | ||
| 082 | _a005.133-C RAD | ||
| 100 |
_aRadcliffe, Robert.A _965852 |
||
| 245 | _aEncyclopedia of c language | ||
| 260 |
_aNEW DELHI _bBPB PUBLICATIONS _c1992 |
||
| 300 | _a1333P | ||
| 650 |
_aC LANGUAGE-ENCYCLOPEDIA COMPUTER PROGRAMME LANGUAGE-C _965853 |
||
| 942 |
_cBK _2ddc |
||
| 999 |
_c573945 _d573945 |
||